A history of England, 1815-1939 / (Record no. 24470)
[ view plain ]
| 000 -LEADER | |
|---|---|
| fixed length control field | 00961cam a22003011 4500 |
| 001 - CONTROL NUMBER | |
| control field | 24470 |
| 003 - CONTROL NUMBER IDENTIFIER | |
| rucl marc code | BD-RjUL |
| 005 - DATE AND TIME OF LATEST TRANSACTION | |
| control field | 20211209001044.0 |
| 008 - FIXED-LENGTH DATA ELEMENTS--GENERAL INFORMATION | |
| fixed length control field | 140313r19281960N 001 0 eng d |
| 035 ## - SYSTEM CONTROL NUMBER | |
| System control number | (BD-RjUL)24537 |
| System control number | (OCoLC)401761 |
| 040 ## - CATALOGING SOURCE | |
| Original cataloging agency | DLC |
| Transcribing agency | ODaWU |
| Modifying agency | Uk |
| -- | BD-RjUL |
| Language of cataloging | eng |
| 041 ## - LANGUAGE CODE | |
| Language code of text/sound track or separate title | eng |
| 082 ## - DEWEY DECIMAL CLASSIFICATION NUMBER | |
| Classification number | 942.08 |
| Author mark and year | BUH 1963 |
| 100 1# - MAIN ENTRY--PERSONAL NAME | |
| Personal name | Butler, J. R. M. |
| Fuller form of name | (James Ramsay Montagu), |
| Dates associated with a name | 1889- |
| 9 (RLIN) | 75329 |
| 245 12 - TITLE STATEMENT | |
| Title | A history of England, 1815-1939 / |
| 250 ## - EDITION STATEMENT | |
| Edition statement | 2d ed. |
| 260 ## - PUBLICATION, DISTRIBUTION, ETC. (IMPRINT) | |
| Place of publication, distribution, etc. | London ; |
| -- | New York : |
| Name of publisher, distributor, etc. | Oxford University Press, |
| Date of publication, distribution, etc. | 1928 [Reprinted 1960]. |
| 300 ## - PHYSICAL DESCRIPTION | |
| Pagination | 278 p. ; |
| Size | 16 cm. |
| 500 ## - GENERAL NOTE | |
| General note | Includes index. |
| 650 ## - SUBJECT ADDED ENTRY--TOPICAL TERM | |
| Topical term or geographic name as entry element | Great Britain History |
| 9 (RLIN) | 75330 |
| 651 #0 - SUBJECT ADDED ENTRY--GEOGRAPHIC NAME | |
| Geographic name | Great Britain |
| General subdivision | History |
| Chronological subdivision | 19th century. |
| 9 (RLIN) | 75331 |
| Geographic name | Great Britain |
| General subdivision | History |
| Chronological subdivision | 20th century. |
| 9 (RLIN) | 17470 |
| 942 ## - ADDED ENTRY ELEMENTS (KOHA) | |
| Source of classification or shelving scheme | Dewey Decimal Classification |
| Koha item type | Books |
| Lost status | Source of classification or shelving scheme | Damaged status | Not for loan | Collection code | Permanent Location | Current Location | Shelving location | Date acquired | Source of acquisition | Cost, normal purchase price | Total Checkouts | Full call number | Date last seen | Copy number | Koha item type |
|---|---|---|---|---|---|---|---|---|---|---|---|---|---|---|---|
| Dewey Decimal Classification | Added to bundle | Non-fiction | Central Library, University of Rajshahi | Central Library, University of Rajshahi | Reading Room | 20/04/1965 | Zeitlinger | 0.00 | 942.08 BUH 1963 | 13/03/2014 | C-1 | Books | |||
| Dewey Decimal Classification | Non-fiction | Central Library, University of Rajshahi | Central Library, University of Rajshahi | 08/12/1965 | Zeitlinger | 7.00 | 942.08 BUH 1963 | 13/03/2014 | C-2 | Books | |||||
| Dewey Decimal Classification | Non-fiction | Central Library, University of Rajshahi | Central Library, University of Rajshahi | 29/01/1973 | Britain Gift | 0.00 | 942.08 BUH 1963 | 13/03/2014 | C-6 | Books | |||||
| Dewey Decimal Classification | Non-fiction | Central Library, University of Rajshahi | Central Library, University of Rajshahi | 29/01/1973 | Britain Gift | 0.00 | 942.08 BUH 1963 | 13/03/2014 | C-10 | Books | |||||
| Dewey Decimal Classification | Non-fiction | Central Library, University of Rajshahi | Central Library, University of Rajshahi | 10/05/1965 | Zeitlinger | 942.08 BUH 1963 | 20/03/2014 | C-3 | Books | ||||||
| Dewey Decimal Classification | Non-fiction | Central Library, University of Rajshahi | Central Library, University of Rajshahi | 10/02/1973 | Britain Gift | 0.00 | 942.08 BUH 1963 | 23/03/2014 | C-9 | Books | |||||
| Dewey Decimal Classification | Non-fiction | Central Library, University of Rajshahi | Central Library, University of Rajshahi | 10/02/1973 | Britain | 0.00 | 942.08 BUH 1963 | 23/03/2014 | C-7 | Books | |||||
| Dewey Decimal Classification | Non-fiction | Central Library, University of Rajshahi | Central Library, University of Rajshahi | 29/01/2029 | Britain Gift | 942.08 BUH 1963 | 24/03/2014 | C-8 | Books | ||||||
| Dewey Decimal Classification | Non-fiction | Central Library, University of Rajshahi | Central Library, University of Rajshahi | 29/01/1973 | Britain Gift | 942.08 BUH 1963 | 24/03/2014 | C-5 | Books | ||||||
| Dewey Decimal Classification | Non-fiction | Central Library, University of Rajshahi | Central Library, University of Rajshahi | 29/01/1973 | Britain Gift | 942.08 BUH 1963 | 24/03/2014 | C-4 | Books |